[Event "4NCL Online Division 2"]
[Site "online"]
[Date "2020.05.19"]
[Round "7.132"]
[White "Fink-Nunn, Petra"]
[Black "Wilson, Jaimie"]
[Result "0-1"]
[WhiteElo "1966"]
[BlackElo "2097"]
[PlyCount "104"]
[EventDate "2020.05.19"]
[WhiteTeam "CSC 2"]
[BlackTeam "Wessex Some Stars A"]

1. e4 c6 2. d4 d5 3. f3 Qb6 4. Nc3 dxe4 5. fxe4 e5 6. dxe5 Be6 7. Nf3 Nd7 8.
Bd3 Ne7 9. Ng5 Nxe5 10. Nxe6 fxe6 11. Qh5+ N7g6 12. Qh3 O-O-O 13. Qxe6+ Kb8 14.
Ke2 Nxd3 15. cxd3 Bd6 16. Qb3 Qa5 17. Be3 Bf4 18. Raf1 Bxe3 19. Kxe3 Qg5+ 20.
Ke2 Nf4+ 21. Kd1 Nxd3 22. Kc2 Nc5 23. Qc4 Rd2+ 24. Kb1 Rhd8 25. h4 Qe3 26. Rh3
Qd4 27. Qxd4 R2xd4 28. e5 Ne4 29. Re1 Nxc3+ 30. bxc3 Rd1+ 31. Rxd1 Rxd1+ 32.
Kc2 Re1 33. Rg3 g6 34. Rg5 Kc7 35. h5 gxh5 36. Rxh5 h6 37. a4 Re2+ 38. Kd3 Rxg2
39. Rxh6 a5 40. Rh7+ Kc8 41. Rh4 Rg7 42. Re4 Kd7 43. Kc4 b6 44. Kd4 Ke6 45. Rf4
Rd7+ 46. Ke4 Rd1 47. Rf6+ Kd7 48. Kf5 Rf1+ 49. Kg6 Re1 50. Kf5 b5 51. Rf7+ Ke8
52. axb5 Kxf7 0-1

[Event "4NCL Online Division 2"]
[Site "online"]
[Date "2020.05.19"]
[Round "7.133"]
[White "Pye, David E"]
[Black "Lawson, Maurice E"]
[Result "0-1"]
[WhiteElo "2055"]
[BlackElo "1983"]
[PlyCount "106"]
[EventDate "2020.05.19"]
[WhiteTeam "Wessex Some Stars A"]
[BlackTeam "CSC 2"]

1. e4 c6 2. c4 d5 3. cxd5 cxd5 4. exd5 Nf6 5. Qa4+ Bd7 6. Qb3 Qb6 7. Nc3 Na6 8.
Bc4 Nc5 9. Qxb6 axb6 10. d4 Nce4 11. Nxe4 Nxe4 12. Ne2 Nd6 13. Bb3 g6 14. Bf4
Bg7 15. Be5 O-O 16. Bxg7 Kxg7 17. Nc3 b5 18. Rd1 b4 19. Nb1 Bb5 20. Nd2 Rfc8
21. Nf1 Ba4 22. Ne3 Bxb3 23. axb3 Ra2 24. Rb1 Nb5 25. d6 exd6 26. Nd5 Nxd4 27.
Nxb4 Nc2+ 28. Nxc2 Rxc2 29. O-O Raxb2 30. Rbd1 Rd2 31. Rxd2 Rxd2 32. Rb1 Kf6
33. g3 Ke5 34. Re1+ Kf6 35. Re3 Rb2 36. Kg2 d5 37. Kf3 d4 38. Rd3 Ke5 39. h4
Rc2 40. h5 Rc3 41. Rxc3 dxc3 42. hxg6 hxg6 43. Ke3 b5 44. b4 Kd5 45. Kd3 c2 46.
Kxc2 Kc4 47. f4 Kxb4 48. g4 f6 49. f5 g5 50. Kb2 Kc4 51. Kc2 Kd4 52. Kb3 Ke4
53. Kb4 Kf4 0-1

[Event "4NCL Online Division 2"]
[Site "online"]
[Date "2020.05.19"]
[Round "7.134"]
[White "Warren, Alex M"]
[Black "Westrap, Christian F"]
[Result "1-0"]
[WhiteElo "1960"]
[BlackElo "2057"]
[PlyCount "59"]
[EventDate "2020.05.19"]
[WhiteTeam "CSC 2"]
[BlackTeam "Wessex Some Stars A"]

1. d4 d5 2. Bf4 c5 3. e3 Nc6 4. c3 Bf5 5. Nd2 e6 6. Qb3 Qd7 7. Ngf3 f6 8. h3 c4
9. Qd1 Nge7 10. Bh2 b5 11. Nh4 Bg6 12. Nxg6 hxg6 13. e4 Kf7 14. Qf3 Nc8 15. Be2
Nb6 16. O-O b4 17. Rfe1 Na4 18. exd5 exd5 19. Nxc4 bxc3 20. bxc3 Be7 21. Ne5+
Nxe5 22. dxe5 Nb6 23. Bd3 Qe6 24. exf6 Qxf6 25. Qg3 Rhf8 26. Qxg6+ Kg8 27. Rxe7
Qxe7 28. Qh7+ Kf7 29. Bg6+ Kf6 30. Qh4+ 1-0

[Event "4NCL Online Division 2"]
[Site "online"]
[Date "2020.05.19"]
[Round "7.141"]
[White "Byron, Alan M"]
[Black "Nataraj, Nakul"]
[Result "1/2-1/2"]
[WhiteElo "2179"]
[BlackElo "2095"]
[PlyCount "88"]
[EventDate "2020.05.19"]
[WhiteTeam "Wigston 1"]
[BlackTeam "Oxford 2"]

1. e4 e6 2. d4 d5 3. Nd2 Nf6 4. e5 Nfd7 5. f4 c5 6. c3 Nc6 7. Ndf3 Qb6 8. a3 a5
9. g3 Be7 10. Ne2 cxd4 11. cxd4 O-O 12. Bh3 f6 13. Bxe6+ Kh8 14. Bxd5 fxe5 15.
fxe5 Ndxe5 16. dxe5 Bg4 17. Bxc6 Qxc6 18. Ned4 Qe4+ 19. Qe2 Qd5 20. Rf1 Bc5 21.
Bf4 Bxd4 22. Rd1 g5 23. Rxd4 Qxd4 24. Nxd4 Bxe2 25. Kxe2 gxf4 26. gxf4 Rac8 27.
Ke3 Rfe8 28. Ke4 Rc5 29. Rg1 Rg8 30. Rg3 Rxg3 31. hxg3 Kg8 32. g4 h6 33. f5 Kf7
34. b4 axb4 35. axb4 Rc4 36. b5 Rb4 37. Kd5 Rb1 38. Ne6 Rxb5+ 39. Kd6 Rb6+ 40.
Kd7 Rb1 41. Nd8+ Kf8 42. Ne6+ Kf7 43. Nd8+ Kf8 44. Ne6+ Kf7 1/2-1/2

[Event "4NCL Online Division 2"]
[Site "online"]
[Date "2020.05.19"]
[Round "7.142"]
[White "Wilson, Edgar"]
[Black "Burrows, Martin P"]
[Result "0-1"]
[WhiteElo "2012"]
[BlackElo "2125"]
[PlyCount "66"]
[EventDate "2020.05.19"]
[WhiteTeam "Oxford 2"]
[BlackTeam "Wigston 1"]

1. e4 c5 2. Nf3 d6 3. d4 cxd4 4. Nxd4 Nf6 5. Nc3 a6 6. Be2 e5 7. Nb3 Be7 8. O-O
O-O 9. Be3 Be6 10. a4 Nc6 11. Bf3 Nb4 12. Qd2 Rc8 13. Rfd1 Qd7 14. a5 Rc4 15.
Be2 Rc6 16. Ra4 Nxc2 17. Qxc2 Rxc3 18. Qxc3 Qxa4 19. Nd2 Rc8 20. Qd3 Qxa5 21.
f3 d5 22. exd5 Nxd5 23. Kh1 h6 24. h3 Nxe3 25. Qxe3 Bg5 26. Nb3 Qb4 27. Qxe5
Qxb3 28. Rd6 Qe3 29. Qg3 Rc1+ 30. Bd1 Bf4 31. Rd8+ Kh7 32. Qh4 Bg5 33. Qg3 Bxd8
0-1

[Event "4NCL Online Division 2"]
[Site "online"]
[Date "2020.05.19"]
[Round "7.143"]
[White "Horspool, Philip J"]
[Black "Olehnovics, Andrejs"]
[Result "1/2-1/2"]
[WhiteElo "2057"]
[BlackElo "2035"]
[PlyCount "154"]
[EventDate "2020.05.19"]
[WhiteTeam "Wigston 1"]
[BlackTeam "Oxford 2"]

1. e4 e6 2. d4 d5 3. Nd2 Nf6 4. e5 Nfd7 5. Bd3 c5 6. c3 Nc6 7. Ne2 cxd4 8. cxd4
f6 9. exf6 Nxf6 10. O-O Bd6 11. Nf3 Qc7 12. Bg5 O-O 13. Rc1 Bd7 14. Re1 a6 15.
Bh4 Be8 16. Ng3 Qd7 17. Ne5 Qc7 18. Qc2 h6 19. Bg6 Bxe5 20. dxe5 Ng4 21. Nh5
Ngxe5 22. Bxe8 Raxe8 23. Bg3 Qf7 24. Nf4 Nd4 25. Qc7 Nec6 26. Qxf7+ Rxf7 27.
Nxd5 e5 28. Nc3 Rd7 29. f3 Kf7 30. a3 Nf5 31. Bf2 Rd2 32. Ne4 Rxb2 33. g4 Nfd4
34. Bxd4 Nxd4 35. Nd6+ Kf8 36. Nxe8 Nxf3+ 37. Kf1 Nxh2+ 38. Kg1 Nf3+ 39. Kf1
Nxe1 40. Nd6 Nf3 41. Rc7 Nh2+ 42. Ke1 Nxg4 43. Rf7+ Kg8 44. Re7 Rb6 45. Nxb7
Kf8 46. Rc7 h5 47. Nc5 Rd6 48. Ne4 Rd3 49. Ng5 Rxa3 50. Ne6+ Ke8 51. Nxg7+ Kd8
52. Ne6+ Ke8 53. Ng7+ Kf8 54. Nxh5 Rf3 55. Ng7 Rf6 56. Nh5 Rf7 57. Rc8+ Ke7 58.
Ra8 Rf5 59. Ra7+ Kd8 60. Ng3 Rf3 61. Nh5 Ra3 62. Ke2 Ne3 63. Nf6 Nc4 64. Nd5 a5
65. Nf6 e4 66. Ra8+ Kc7 67. Re8 Ra2+ 68. Ke1 e3 69. Nd5+ Kd7 70. Re4 Kd6 71.
Nxe3 Nxe3 72. Rxe3 Rc2 73. Kd1 Rc4 74. Kd2 Kc5 75. Rc3 a4 76. Rxc4+ Kxc4 77.
Kc2 a3 1/2-1/2

[Event "4NCL Online Division 2"]
[Site "online"]
[Date "2020.05.19"]
[Round "7.144"]
[White "Hayward, Philip"]
[Black "Lv, Jason"]
[Result "0-1"]
[WhiteElo "2080"]
[BlackElo "1907"]
[PlyCount "64"]
[EventDate "2020.05.19"]
[WhiteTeam "Oxford 2"]
[BlackTeam "Wigston 1"]

1. c4 e5 2. g3 Nf6 3. Bg2 c6 4. d4 e4 5. Nc3 d5 6. Bg5 Nbd7 7. cxd5 cxd5 8. Qb3
Be7 9. Nh3 Nb6 10. Nf4 Ng8 11. Bxe7 Nxe7 12. f3 exf3 13. Bxf3 O-O 14. O-O Nf5
15. Rfd1 Ne3 16. Rd3 Re8 17. Ncxd5 Nexd5 18. Bxd5 Nxd5 19. Qxd5 Qxd5 20. Nxd5
Rxe2 21. Rc1 Be6 22. Nc7 Rc8 23. d5 Bf5 24. Rdd1 Rxb2 25. d6 Rd8 26. a4 a6 27.
a5 Bh3 28. Nd5 Rg2+ 29. Kh1 Ra2 30. Rc5 Rxd6 31. Re1 h6 32. Nf4 Bd7 0-1

[Event "4NCL Online Division 2"]
[Site "online"]
[Date "2020.05.19"]
[Round "7.151"]
[White "Toma, Katarzyna"]
[Black "Brown, Thomas"]
[Result "1-0"]
[WhiteElo "2289"]
[BlackElo "2129"]
[PlyCount "71"]
[EventDate "2020.05.19"]
[WhiteTeam "Wood Green Youth"]
[BlackTeam "Rhyfelwyr Essyllwg"]

1. e4 c6 2. d4 d5 3. exd5 cxd5 4. Bd3 Nc6 5. c3 Qc7 6. Ne2 Bg4 7. O-O Nf6 8.
Qe1 Qc8 9. f3 Bf5 10. Nf4 g5 11. Bxf5 Qxf5 12. Ne2 h6 13. Na3 Bg7 14. Bd2 Qd7
15. Nc2 O-O-O 16. b4 Rde8 17. Qb1 Qf5 18. a4 Qd3 19. Qd1 e5 20. Nc1 Qf5 21. Nb3
exd4 22. cxd4 Nd7 23. b5 Ne7 24. Be1 Ng6 25. Nb4 Nf4 26. Ra2 Re6 27. a5 Rhe8
28. Rc2+ Kb8 29. Bg3 Ka8 30. a6 bxa6 31. Rc7 Ne2+ 32. Kh1 Nxg3+ 33. hxg3 Nb8
34. Nc5 axb5 35. Qa1 a6 36. Nbxa6 1-0

[Event "4NCL Online Division 2"]
[Site "online"]
[Date "2020.05.19"]
[Round "7.152"]
[White "Garcia, Jason"]
[Black "Ashworth, Michael"]
[Result "1-0"]
[WhiteElo "2028"]
[BlackElo "2185"]
[PlyCount "119"]
[EventDate "2020.05.19"]
[WhiteTeam "Rhyfelwyr Essyllwg"]
[BlackTeam "Wood Green Youth"]

1. Nf3 Nf6 2. c4 g6 3. b3 Bg7 4. Bb2 O-O 5. g3 d6 6. d4 c5 7. Bg2 Na6 8. O-O
Rb8 9. Nc3 Bf5 10. Qd2 Nc7 11. Rfe1 Ne4 12. Nxe4 Bxe4 13. dxc5 dxc5 14. Bxg7
Kxg7 15. Qc3+ Kg8 16. Rad1 Qc8 17. Qe5 Bxf3 18. exf3 Ne6 19. Bh3 Nd4 20. Rxd4
Qxh3 21. Qxc5 b6 22. Qxe7 a5 23. Qf6 Qh6 24. Rd7 Qg7 25. Qxg7+ Kxg7 26. Ree7
Rbe8 27. Rxe8 Rxe8 28. Rd6 Rb8 29. f4 Kf8 30. Kg2 Ke7 31. Rd5 Rc8 32. f5 g5 33.
f6+ Ke6 34. Rxg5 Kxf6 35. Rd5 Rc6 36. f4 a4 37. Kf3 axb3 38. axb3 Re6 39. b4
Rc6 40. c5 bxc5 41. bxc5 Ke7 42. Ke4 Rh6 43. Rd2 Rc6 44. Kd5 Rc8 45. Ra2 Rd8+
46. Kc4 Rd1 47. Ra7+ Ke6 48. Ra6+ Kd7 49. Rh6 Rc1+ 50. Kd5 Rd1+ 51. Ke5 Rc1 52.
Rxh7 Rxc5+ 53. Kf6 Rc2 54. Kxf7 Rg2 55. Kg6+ Ke8 56. f5 Kf8 57. f6 Ke8 58. f7+
Ke7 59. Rh8 Rf2 60. Re8+ 1-0

[Event "4NCL Online Division 2"]
[Site "online"]
[Date "2020.05.19"]
[Round "7.153"]
[White "Stepanyan, Henrik"]
[Black "Hewitt, William"]
[Result "1/2-1/2"]
[WhiteElo "2237"]
[BlackElo "1997"]
[PlyCount "185"]
[EventDate "2020.05.19"]
[WhiteTeam "Wood Green Youth"]
[BlackTeam "Rhyfelwyr Essyllwg"]

1. d4 Nf6 2. c4 g6 3. Nc3 d5 4. cxd5 Nxd5 5. Bd2 Nb6 6. Bg5 Bg7 7. e3 c5 8.
dxc5 Bxc3+ 9. bxc3 Qxd1+ 10. Rxd1 N6d7 11. Rd5 Nc6 12. e4 f6 13. Be3 e6 14. Rd6
Ke7 15. Nf3 Nde5 16. Nxe5 Nxe5 17. Be2 Bd7 18. Bd4 Rhd8 19. f4 Nf7 20. e5 Nxd6
21. cxd6+ Kf7 22. h4 h5 23. Kf2 Bc6 24. c4 b6 25. Rh3 f5 26. Ra3 Ke8 27. Bd1
Kd7 28. Rg3 Rg8 29. a4 Rab8 30. Ra3 a6 31. a5 b5 32. cxb5 Bxb5 33. Bb6 Rgc8 34.
Bc7 Rxc7 35. dxc7 Kxc7 36. Rc3+ Kd7 37. Rg3 Rg8 38. Bxh5 Rh8 39. Bxg6 Rxh4 40.
Ke3 Rh1 41. Rh3 Ra1 42. Rh7+ Kd8 43. Kd4 Rxa5 44. Bf7 Bd7 45. g3 Rd5+ 46. Kc3
a5 47. Bh5 Rc5+ 48. Kb3 Rb5+ 49. Kc4 Rb1 50. Kc5 a4 51. Be2 Rb2 52. Bc4 a3 53.
Rh8+ Ke7 54. Ra8 Rg2 55. Rxa3 Rd2 56. Ra7 Rb2 57. Ra3 Be8 58. Rb3 Rxb3 59. Bxb3
Bh5 60. Kc6 Be8+ 61. Kc7 Bh5 62. Bc4 Bg4 63. Kc6 Bf3+ 64. Kc5 Bg4 65. Kd4 Bh5
66. Ke3 Bg6 67. Be2 Be8 68. Kf2 Bf7 69. Kg2 Be8 70. Kh3 Bf7 71. Kh4 Be8 72. g4
fxg4 73. Kxg4 Bf7 74. Kg5 Be8 75. Bc4 Bd7 76. Bd3 Be8 77. Be4 Bd7 78. Kg6 Be8+
79. Kg5 Bd7 80. Bg6 Bc6 81. Bh5 Bd7 82. Bg4 Bc8 83. Kg6 Bd7 84. Kg5 Be8 85. f5
exf5 86. Kxf5 Bd7+ 87. Kf4 Be8 88. Bf5 Ba4 89. Bg4 Bb5 90. Bf5 Ba4 91. Bg4 Bb5
92. Bf5 Ba4 93. Bg4 1/2-1/2

[Event "4NCL Online Division 2"]
[Site "online"]
[Date "2020.05.19"]
[Round "7.154"]
[White "Summers, Charles"]
[Black "Guha, Chirag"]
[Result "0-1"]
[WhiteElo "1847"]
[BlackElo "1807"]
[PlyCount "52"]
[EventDate "2020.05.19"]
[WhiteTeam "Rhyfelwyr Essyllwg"]
[BlackTeam "Wood Green Youth"]

1. d4 d5 2. e4 dxe4 3. Nc3 Nf6 4. f3 exf3 5. Nxf3 Bg4 6. h3 Bh5 7. g4 Bg6 8.
Ne5 e6 9. Qf3 c6 10. g5 Nd5 11. Bd3 Nd7 12. Nxg6 hxg6 13. Rf1 Qe7 14. Ne4 e5
15. c4 Nb4 16. Bb1 exd4 17. Bf4 O-O-O 18. a3 Na6 19. Kd1 Qe6 20. Rh1 Nac5 21.
Nxc5 Nxc5 22. b4 d3 23. bxc5 Qxc4 24. Kd2 Bxc5 25. Rc1 Qb5 26. Ra2 Rhe8 0-1

[Event "4NCL Online Division 2"]
[Site "online"]
[Date "2020.05.19"]
[Round "7.161"]
[White "Chan, Sheng Liang Bernard"]
[Black "Jarmany, David"]
[Result "0-1"]
[WhiteElo "2102"]
[BlackElo "2267"]
[PlyCount "68"]
[EventDate "2020.05.19"]
[WhiteTeam "Yorkshire Universities"]
[BlackTeam "Maryport Assassins A"]

1. d4 d5 2. Bf4 Nc6 3. Nf3 Bg4 4. Nbd2 Nf6 5. h3 Bh5 6. c3 e6 7. Qa4 Bd6 8. Ne5
O-O 9. g4 Bg6 10. Nxg6 fxg6 11. Bxd6 cxd6 12. Bg2 g5 13. O-O-O Rb8 14. Qc2 Nxd4
15. Qd3 Nc6 16. Qe3 Qe8 17. Qxg5 b5 18. e4 b4 19. exd5 Ne5 20. c4 Nd3+ 21. Kb1
Nxf2 22. dxe6 Nxd1 23. Rxd1 Qxe6 24. Bf3 Kh8 25. Qh4 d5 26. g5 Qf5+ 27. Ka1 Ne4
28. Bxe4 dxe4 29. Qxe4 Qxg5 30. Nb3 a5 31. Re1 a4 32. Nd4 Qd2 33. Qe5 Rbd8 34.
Rg1 Qxd4 0-1

[Event "4NCL Online Division 2"]
[Site "online"]
[Date "2020.05.19"]
[Round "7.162"]
[White "Jarmany, John"]
[Black "Hopkins, Kit W"]
[Result "0-1"]
[WhiteElo "2207"]
[BlackElo "2102"]
[PlyCount "70"]
[EventDate "2020.05.19"]
[WhiteTeam "Maryport Assassins A"]
[BlackTeam "Yorkshire Universities"]

1. d4 d5 2. c4 e6 3. Nc3 Nf6 4. cxd5 exd5 5. Bg5 c6 6. e3 Be7 7. Qc2 Nbd7 8.
Bd3 Nh5 9. Bxe7 Qxe7 10. Nf3 Nf4 11. O-O Nxd3 12. Qxd3 O-O 13. Rab1 a5 14. Rfc1
g6 15. Qd1 Nb6 16. Na4 Nc4 17. b3 Na3 18. Rb2 Bf5 19. Nc5 Nb5 20. Qe2 Rfe8 21.
Ne5 f6 22. Nf3 Bg4 23. h3 Nxd4 24. Qd1 Nxf3+ 25. gxf3 Bxh3 26. Qd4 Rad8 27. Kh2
Bc8 28. f4 b6 29. Na4 c5 30. Qd2 Qe6 31. Rh1 d4 32. Rc2 Bb7 33. Rg1 Qf5 34.
Nxb6 Qh5+ 35. Kg3 Bf3 0-1

[Event "4NCL Online Division 2"]
[Site "online"]
[Date "2020.05.19"]
[Round "7.163"]
[White "Leah, Tom"]
[Black "Davis, Holden"]
[Result "0-1"]
[WhiteElo "2065"]
[BlackElo "1982"]
[PlyCount "62"]
[EventDate "2020.05.19"]
[WhiteTeam "Yorkshire Universities"]
[BlackTeam "Maryport Assassins A"]

1. e4 e6 2. d4 d5 3. Nd2 Be7 4. Ngf3 Nf6 5. e5 Nfd7 6. Bd3 c5 7. c3 Nc6 8. O-O
Qb6 9. Re1 cxd4 10. cxd4 Nxd4 11. Nxd4 Qxd4 12. Nf3 Qb6 13. Be3 Bc5 14. b4 Bxe3
15. Rxe3 h6 16. Rb1 O-O 17. Bc2 Re8 18. Qd3 Nf8 19. Nd4 Bd7 20. Rg3 Rac8 21.
Qe3 Rc4 22. Qxh6 Ng6 23. Rxg6 fxg6 24. Qxg6 Qxd4 25. Qh7+ Kf8 26. Qh8+ Kf7 27.
Qh5+ Ke7 28. Qg5+ Kf8 29. Bg6 Rec8 30. h3 Qf4 31. Qxf4+ Rxf4 0-1

[Event "4NCL Online Division 2"]
[Site "online"]
[Date "2020.05.19"]
[Round "7.164"]
[White "Hart, Roger"]
[Black "Bradey, Joseph B"]
[Result "1-0"]
[WhiteElo "1915"]
[BlackElo "1795"]
[PlyCount "45"]
[EventDate "2020.05.19"]
[WhiteTeam "Maryport Assassins A"]
[BlackTeam "Yorkshire Universities"]

1. d4 Nf6 2. f3 c5 3. d5 e6 4. e4 exd5 5. exd5 d6 6. Nc3 Be7 7. Bd3 O-O 8. Nge2
a6 9. O-O b5 10. Ng3 Nbd7 11. Bf4 Qb6 12. Kh1 Bb7 13. Nf5 Rfe8 14. Qe1 Ne5 15.
Bxe5 dxe5 16. Qh4 g6 17. Nxe7+ Rxe7 18. Ne4 Nxd5 19. c4 bxc4 20. Bxc4 Qc7 21.
Bxd5 Bxd5 22. Nf6+ Kg7 23. Nxd5 1-0

[Event "4NCL Online Division 2"]
[Site "online"]
[Date "2020.05.26"]
[Round "8.11"]
[White "Savidge, Daniel"]
[Black "Lock, Gavin R"]
[Result "0-1"]
[WhiteElo "2155"]
[BlackElo "2107"]
[PlyCount "96"]
[EventDate "2020.05.26"]
[WhiteTeam "Bristol University A"]
[BlackTeam "Wessex Some Stars A"]

1. e4 e6 2. d4 d5 3. e5 c5 4. c3 Qb6 5. Nf3 Nc6 6. Bd3 cxd4 7. cxd4 Bd7 8. O-O
Nxd4 9. Nbd2 Nxf3+ 10. Nxf3 Bb5 11. Be3 Qa6 12. Bxb5+ Qxb5 13. Nd4 Qd7 14. f4
Ne7 15. f5 Nxf5 16. Nxf5 exf5 17. Qd3 Be7 18. Rad1 O-O 19. Qxd5 Qxd5 20. Rxd5
Rfd8 21. Rfd1 b6 22. Kf2 Rxd5 23. Rxd5 Rd8 24. Rxd8+ Bxd8 25. Kf3 Bc7 26. Bd4
Kf8 27. Kf4 g6 28. h3 f6 29. g4 Bxe5+ 30. Bxe5 fxe5+ 31. Kxe5 fxg4 32. hxg4 Kg7
33. b4 b5 34. a3 h5 35. gxh5 gxh5 36. Kf5 Kh6 37. Kf4 Kg6 38. Kg3 Kg5 39. Kh3
h4 40. Kh2 Kg4 41. Kg2 h3+ 42. Kh2 Kh4 43. Kg1 Kg3 44. Kh1 h2 45. a4 bxa4 46.
b5 a3 47. b6 a2 48. b7 a1=R# 0-1

[Event "4NCL Online Division 2"]
[Site "online"]
[Date "2020.05.26"]
[Round "8.12"]
[White "Wilson, Jaimie"]
[Black "Gallagher, Ian G"]
[Result "1-0"]
[WhiteElo "2097"]
[BlackElo "2132"]
[PlyCount "101"]
[EventDate "2020.05.26"]
[WhiteTeam "Wessex Some Stars A"]
[BlackTeam "Bristol University A"]

1. Nf3 f5 2. d3 d6 3. e4 e5 4. Nc3 c5 5. g3 Nc6 6. Bg2 Be7 7. Nd5 Nf6 8. Nxf6+
Bxf6 9. O-O O-O 10. c3 Qe8 11. exf5 Bxf5 12. Ng5 Kh8 13. Ne4 Be7 14. Be3 Qg6
15. Qb3 b6 16. Rad1 Rac8 17. c4 Qh5 18. Qa4 Bh3 19. f3 Be6 20. a3 d5 21. cxd5
Bxd5 22. Qc2 Bxe4 23. dxe4 Nd4 24. Qf2 Bg5 25. Bxd4 cxd4 26. f4 Be7 27. Bf3 Qe8
28. fxe5 a5 29. Kg2 Bc5 30. b4 axb4 31. axb4 Bxb4 32. Qxd4 Rc2+ 33. Kh1 Bc5 34.
Qd3 Ra2 35. Bg2 Rxf1+ 36. Rxf1 h6 37. Qd5 Ra4 38. e6 Rd4 39. Qf5 Be7 40. Qf7
Qd8 41. h3 b5 42. Rc1 Rd1+ 43. Rxd1 Qxd1+ 44. Kh2 Qd8 45. e5 b4 46. h4 b3 47.
Be4 Bxh4 48. Qg6 Bxg3+ 49. Kxg3 Kg8 50. Qf7+ Kh8 51. e7 1-0

[Event "4NCL Online Division 2"]
[Site "online"]
[Date "2020.05.26"]
[Round "8.13"]
[White "Prasse, Philipp"]
[Black "Lukosius, Rolandas"]
[Result "0-1"]
[WhiteElo "2005"]
[BlackElo "2094"]
[PlyCount "66"]
[EventDate "2020.05.26"]
[WhiteTeam "Bristol University A"]
[BlackTeam "Wessex Some Stars A"]

1. e4 c5 2. c3 d5 3. exd5 Qxd5 4. d4 Nf6 5. Nf3 Bg4 6. dxc5 Qxd1+ 7. Kxd1 e6 8.
b4 a5 9. Bb5+ Nc6 10. Kc2 Bxf3 11. gxf3 Nd5 12. Bd2 Be7 13. a4 O-O 14. Bxc6
bxc6 15. b5 Bxc5 16. Na3 cxb5 17. axb5 Rfc8 18. Nc4 a4 19. Kd3 Bxf2 20. Ra2 Rd8
21. Ke2 Bc5 22. Rha1 Rab8 23. Rb1 Ra8 24. Ne5 Nb6 25. Nc6 Rd5 26. Be3 Kf8 27.
Bxc5+ Rxc5 28. Kd3 Rc8 29. Rb4 Rc7 30. c4 Rd7+ 31. Kc3 Nd5+ 32. Kd4 Nxb4+ 33.
Kxc5 Nxa2 0-1

[Event "4NCL Online Division 2"]
[Site "online"]
[Date "2020.05.26"]
[Round "8.14"]
[White "Pye, David E"]
[Black "Lampard, Alice"]
[Result "1/2-1/2"]
[WhiteElo "2055"]
[BlackElo "2005"]
[PlyCount "48"]
[EventDate "2020.05.26"]
[WhiteTeam "Wessex Some Stars A"]
[BlackTeam "Bristol University A"]

1. d4 Nf6 2. Nc3 g6 3. e4 d5 4. e5 Ng4 5. Be2 Nh6 6. h4 Nc6 7. h5 Nf5 8. Nf3 e6
9. hxg6 fxg6 10. g4 Nfe7 11. Ng5 h6 12. Be3 Bg7 13. Nh3 Bxe5 14. dxe5 d4 15.
Ne4 dxe3 16. Nf6+ Kf7 17. f4 b6 18. Qxd8 Rxd8 19. Rd1 Bb7 20. Ng5+ hxg5 21.
Rh7+ Kf8 22. Rh8+ Kf7 23. Rh7+ Kf8 24. Rh8+ Kf7 1/2-1/2

[Event "4NCL Online Division 2"]
[Site "online"]
[Date "2020.05.26"]
[Round "8.21"]
[White "Agafonov, Yuri Dr"]
[Black "Taylor, Robert K"]
[Result "1-0"]
[WhiteElo "2106"]
[BlackElo "2005"]
[PlyCount "61"]
[EventDate "2020.05.26"]
[WhiteTeam "ChessPlus Beta"]
[BlackTeam "Higgie's Heroes"]

1. Nf3 d5 2. e3 g6 3. c4 Nf6 4. cxd5 Nxd5 5. d4 Bg7 6. Be2 O-O 7. O-O Nd7 8. e4
N5b6 9. Nc3 c6 10. Bf4 Nf6 11. h3 Be6 12. b3 h6 13. Rc1 Kh7 14. Ne5 Nfd7 15.
Nf3 Nf6 16. Be3 Rc8 17. Ne5 Ne8 18. f4 f5 19. g4 Bxe5 20. fxe5 Ng7 21. Qd2 f4
22. Bxf4 g5 23. Be3 Qd7 24. Rxf8 Rxf8 25. Rd1 Qc7 26. Kg2 Bc8 27. h4 c5 28.
hxg5 cxd4 29. Bxd4 Ne6 30. Rh1 Rd8 31. g6+ 1-0

[Event "4NCL Online Division 2"]
[Site "online"]
[Date "2020.05.26"]
[Round "8.22"]
[White "Higgie, Charles L"]
[Black "Foley, John P"]
[Result "1-0"]
[WhiteElo "1922"]
[BlackElo "1954"]
[PlyCount "117"]
[EventDate "2020.05.26"]
[WhiteTeam "Higgie's Heroes"]
[BlackTeam "ChessPlus Beta"]

1. e4 c6 2. d4 d5 3. e5 c5 4. dxc5 e6 5. Be3 Nc6 6. Bb5 Nge7 7. c3 Nf5 8. Bd4
Bd7 9. Bxc6 Bxc6 10. Nf3 Be7 11. O-O O-O 12. Nbd2 f6 13. Re1 Qd7 14. b4 a6 15.
Nb3 Rae8 16. Na5 Ba4 17. Qe2 Bb5 18. Qc2 Bd8 19. a4 Bc6 20. Nxc6 bxc6 21. Re2
Bc7 22. Qd3 Qc8 23. Rae1 Bb8 24. h3 Kh8 25. Qd2 Qd7 26. g4 Nxd4 27. cxd4 f5 28.
g5 Bc7 29. Qd3 Ra8 30. Rb1 Rfb8 31. Reb2 Qe8 32. b5 axb5 33. axb5 cxb5 34. Rxb5
Rxb5 35. Qxb5 Qxb5 36. Rxb5 Kg8 37. Rb7 Rc8 38. g6 h6 39. Ne1 Kf8 40. Nc2 Ke8
41. Na3 Kf8 42. Nb5 Ba5 43. Rf7+ Kg8 44. Re7 Kf8 45. Rxe6 Rb8 46. Nd6 f4 47.
Nf5 f3 48. Re7 Rb1+ 49. Kh2 Rb2 50. Rf7+ Ke8 51. Nd6+ Kd8 52. Nb7+ Kc8 53. Nxa5
Rxf2+ 54. Kg3 Rg2+ 55. Kxf3 Rxg6 56. Nb7 Rg1 57. Nd6+ Kd8 58. e6 Rf1+ 59. Ke2
1-0

[Event "4NCL Online Division 2"]
[Site "online"]
[Date "2020.05.26"]
[Round "8.23"]
[White "Harnett, Robert J"]
[Black "McMahon, Timothy P"]
[Result "1-0"]
[WhiteElo "1900"]
[BlackElo "1937"]
[PlyCount "109"]
[EventDate "2020.05.26"]
[WhiteTeam "ChessPlus Beta"]
[BlackTeam "Higgie's Heroes"]

1. e4 c5 2. Nf3 g6 3. d3 Nc6 4. g3 Bg7 5. Bg2 d6 6. Nbd2 e5 7. O-O Nge7 8. c3
O-O 9. Re1 h6 10. h3 Be6 11. Nf1 Qd7 12. Kh2 f5 13. exf5 Nxf5 14. g4 Nfe7 15.
Ng3 Nd5 16. Qc2 Qf7 17. Re2 Rae8 18. Bd2 Nf4 19. Bxf4 Qxf4 20. Re4 Qf7 21. Rae1
Bd5 22. R4e3 Bxa2 23. c4 b5 24. b3 Nb4 25. Qd1 a5 26. Ne4 Qd7 27. Nc3 a4 28.
Nxa2 Nxa2 29. cxb5 Qxb5 30. bxa4 Qa5 31. Qb3+ Kh7 32. Qxa2 Qc7 33. Kg1 d5 34.
Qxd5 Qe7 35. a5 Rd8 36. Qa2 Qf7 37. Qxf7 Rxf7 38. Nxe5 Bxe5 39. Rxe5 Rxd3 40.
Re7 Kg7 41. a6 Ra3 42. Bb7 Kf6 43. Rxf7+ Kxf7 44. Rc1 Ra5 45. Kg2 Ke6 46. Kf3
Kd6 47. Ke4 Kc7 48. Kd3 Ra3+ 49. Kc4 Rxh3 50. Ra1 Rh4 51. f3 h5 52. a7 hxg4 53.
a8=Q gxf3+ 54. Kc3 Rb4 55. Qc8+ 1-0

[Event "4NCL Online Division 2"]
[Site "online"]
[Date "2020.05.26"]
[Round "8.24"]
[White "Lovatt, Peter G"]
[Black "Kane, Robert"]
[Result "1/2-1/2"]
[WhiteElo "1787"]
[BlackElo "1791"]
[PlyCount "93"]
[EventDate "2020.05.26"]
[WhiteTeam "Higgie's Heroes"]
[BlackTeam "ChessPlus Beta"]

1. d4 Nf6 2. Bf4 c5 3. e3 Nd5 4. Bg3 Qb6 5. b3 cxd4 6. Qxd4 Qxd4 7. exd4 g6 8.
Nf3 Bg7 9. c4 Nf6 10. Bd3 d6 11. Nbd2 Nc6 12. Rd1 Nb4 13. Bb1 Bf5 14. Bxf5 gxf5
15. a4 Nh5 16. O-O Nxg3 17. hxg3 O-O 18. c5 dxc5 19. dxc5 Rac8 20. Nc4 Rfd8 21.
Na5 Rxd1 22. Rxd1 Rxc5 23. Rd8+ Bf8 24. Nxb7 Rc7 25. Na5 e6 26. Nc4 Kg7 27.
Nfe5 Nd5 28. Rd7 Rxd7 29. Nxd7 Be7 30. Nde5 f6 31. Nc6 Bc5 32. Kf1 Kf7 33. Ke2
Ke8 34. Nb8 Nc7 35. f3 h5 36. Nc6 Kd7 37. N6a5 Nd5 38. Nd2 Kc7 39. Nac4 Kc6 40.
f4 Bd4 41. Nf3 Bc5 42. Kd3 Bf2 43. Nd4+ Kd7 44. Ne2 Kc6 45. Nd4+ Kd7 46. Ne2
Kc6 47. Nd4+ 1/2-1/2

[Event "4NCL Online Division 2"]
[Site "online"]
[Date "2020.05.26"]
[Round "8.31"]
[White "Frostick, Clive A"]
[Black "Byron, Alan M"]
[Result "0-1"]
[WhiteElo "2108"]
[BlackElo "2179"]
[PlyCount "38"]
[EventDate "2020.05.26"]
[WhiteTeam "CSC 1"]
[BlackTeam "Wigston 1"]

1. e4 e5 2. Nc3 d6 3. Nf3 Nf6 4. d4 Nbd7 5. Bc4 Be7 6. O-O O-O 7. Re1 c6 8. a4
h6 9. h3 Re8 10. Ba2 Qc7 11. Be3 Nf8 12. a5 Ng6 13. Qd3 Bd7 14. Qc4 Rf8 15. b4
Qc8 16. Qd3 Bxh3 17. gxh3 Qxh3 18. Nh2 Ng4 19. Nxg4 Nh4 0-1